000 00366nam a2200157 4500
008 190603s ||||CZ d
100 1 _aBrown Simon
_91171
245 1 0 _aFeng-Shui od A-Z
_bStastie ,StratenĂ­,Ako zbohatnĂșt
260 _bMetafora
_aPraha
041 1 _acez
044 _aCZ
250 _a1.vydanie
020 _c0
958 _aAZN
958 _aA
999 _c22478
_d22478